000 00586nam a22001695i 4500
001 153930
003 ES-MaACL
005 20230906205434.0
008 940202s1853 sp |||| | spa d
110 1 _aEspaña.
_bMinisterio de Gobernación.
_93872
245 1 0 _aReal Decreto sobre el ejercicio de la libertad de imprenta.
260 _aMadrid :
_bEn la Imprenta Nacional,
_c1853.
300 _a27 p. ;
_c23 cm.
597 _aEsc. real en port.
650 4 _aLibertad de prensa-
_zEspaña-
_yS.XIX.
_914415
852 _aES-MaACL
_jG-14085(4)
_z- Enc. hol.
_z- Legado Charro Hidalgo
999 _c153930
_d153930